Quizzes
Events
Quiz Creation
Community
Videos
Private Events
Remove Ads
Sign In
Join for FREE
Feedback
Dark Mode
Quiz Categories
Sports
Geography
Music
Movies
Television
Just For Fun
Miscellaneous
History
Literature
Language
Science
Gaming
Entertainment
Religion
Holiday
For Kids
Quiz Lab
Recent
Popular Today
Quiz Kudos Today
Editor Picks
Curator Picks
Quizzes by...
Day
Popularity
Type
Ratings
Length
Year
Community
Subscriptions
Recent Discussions
Orange Saloon
Badges
Playlists
Quests
Create
Leaderboards
Showdown
Live 5
Trivia Bingo
Activity
Puzzle Library
Sporcle Events
Private Events
Virtual Trivia
Globe League
Become a Host
Pub Owners
SporcleCon
Opinionation
Our Games
Videos
Blog
Mobile Apps
Partnerships
Remove Ads and Go Orange
Feedback
Sports
Athletes
MLB
NBA
NHL
NFL
Soccer
Sports Teams
WWE
NCAA
Football
Premier League
Basketball
Baseball
Hockey
Golf
Tennis
Cricket
Rugby
Auto Racing
Olympics
World Cup
Sports
Athletes
MLB
NBA
NHL
NFL
Soccer
Sports Teams
WWE
NCAA
Football
Premier League
Basketball
Baseball
Hockey
Golf
Tennis
Cricket
Rugby
Auto Racing
Olympics
World Cup
Random Quiz
Search Sporcle
×
Quiz Lab
Quiz Lab
Sports
Football
Type in answers that appear in a list
Type in answers that appear in a list
Classic
Best Score? Go Orange.
2015 Ohio State Recruits Stats
Can you name everyone in Ohio State's 2015 recruiting class?
By
semicorrect
20m
27 Questions
69 Plays
69 Plays
69 Plays
Comments
Comments
Give Quiz Kudos
Give Quiz Kudos
-
- Ratings
hide this ad
Random Order
Randomize order of answers
Randomize order of answers
Replay
Link that replays current quiz
Next Quiz
Link to next quiz in quiz playlist
You Got
0%
They Got
Avg Score
45%
Avg Friend Score
Upgrade to see
Score Distribution
Jump to the score distribution portion of the page
Score
0/27
Timer
20:00
0
Plays Today
Position (Hometown)
Name
% Correct
WR (North Little Rock, AR)
K.J. Hill
78%
RB (Detroit, MI)
Michael Weber
76.8%
QB (The Plains, OH)
Joe Burrow
75.4%
DE (Cleveland, OH)
Dre'Mont Jones
58%
LB (Cincinnati, OH)
Justin Hilliard
56.5%
CB (Macedonia, OH)
Denzel Ward
56.5%
OL (Greenbelt, MD)
Isaiah Prince
56.5%
CB (Fort Lauderdale, FL)
Damon Arnette
53.6%
WR (Lakewood, OH)
Alex Stump
49.3%
LB (Dublin, OH)
Nick Conner
46.4%
OL (Ramsey, NJ)
Kevin Feder
46.4%
ATH (Fort Lauderdale, FL)
Torrance Gibson
43.5%
OL (Draper, UT)
Branden Bowen
43.5%
DE (Saint Paul, MN)
Jashon Cornell
42%
Position (Hometown)
Name
% Correct
DT (Pickerington, OH)
DaVon Hamilton
42%
ATH (Cleveland, OH)
Jerome Baker
40.6%
DT (Dayton, OH)
Robert Landers
40.6%
CB (Canton, OH)
Eric Glover-Williams
39.1%
DE (Lorain, OH)
Rashod Berry
39.1%
DE (Detroit, MI)
Joshua Alabi
37.7%
TE (Burke, VA)
A.J. Alexander
37.7%
CB (Cocoa, FL)
Jamel Dean
33.3%
OL (Woodbridge, VA)
Matthew Burrell
33.3%
LS (Columbus, OH)
Liam McCullough
31.9%
OL (Sioux Falls, SD)
Grant Schmidt
29%
CB (Valdosta, GA)
Joshua Norwood
27.5%
OL (Bradenton, FL)
Mirko Jurkovic
15.9%
Quiz Playlist
Details
Report
Send in Message
Add To Playlist
Classic:
Type in answers that appear in a list
Random Order:
Randomize order of answers
Quiz Source
Last Updated: Feb 16, 2017
Quiz Scoreboard
CHALLENGE
Sign Up to Join the Scoreboard
Show All
Scores
Hide
Comments
May contain spoilers
Recently Published
College Basketball Coaching Resumes
by pancakes188
Sports
9m
Billboard Blitz: Fleetwood Mac
by CooCooCachoo
Music
15s
Presidents Visiting Landmarks
by Hejman
History
7m
More to Explore
Quiz From the Vault
Featured Blog Post
Where Did the Easter Bunny Come From?
hide this ad
You Might Also Like...
Tags
Football Quiz
NCAA Quiz
American Football
NCAA Football
Ohio State
Recruiting
Today's Top Quizzes in Sports
Browse Sports
hide this ad
Today's Top Quizzes in Football
Browse Football
Top Contributed Quizzes in Sports
1
2022 World Cup Stars
2
Les meilleurs buteurs des matchs entre le PSG et l’OM
3
FIFA Club World Cup Champions
4
Les entraîneurs de l'OM et du PSG au 21e siècle
5
Criteria MLB: Left Handed Sluggers
6
AFC Teams Reveal (Wrong Answers Minefield)
7
2023 MLB Unique Player Accomplishments
8
Players with Multiple 50 Home Run Seasons
9
5-to-1: FBS Animal Nicknames
10
5-to-1: UK Sports Teams
Explore More
Trending Topics
Anime
Crossword
NBA
Marvel
Kpop
Harry Potter
Disney
NFL
Pokémon
Song
Puzzle
WWE
The Office
Country
Soccer
hide this ad
More By:
semicorrect
Quiz
Plays
Rating
Category
Featured
Created
Gazorpazorpfield - Rick and Morty
1,043
4.27
Television
Feb 19, 2016
2014 Ohio State Recruits
347
5.00
Sports
Feb 5, 2014
Jake Roberts's Speech at This Tuesday in Texas
288
4.75
Sports
Jun 10, 2012
2015 Ohio State Recruits
69
5.00
Sports
Feb 4, 2015
Go to Creator's Profile
Score Distribution
Quiz Creator Spotlight
semicorrect
Follow
Send a Message
Quizzes Created
-
Created Quiz Play Count
-
More By This Creator
Popular Quizzes Today
1
Find the US States - No Outlines Minefield
2
Find the Countries of Europe - No Outlines Minefield
3
The Countries of the World
4
Find the US States
5
Risky Map Clicking: Biggest States A-Z
6
US States
7
Popular People in 1961
8
Movies - When Are They Set?
More Sports Quizzes
Daniel Carvajal's Career
Quiz Lab
Trending Quizzes
Risky Map Clicking: Least Populous States A-Z
1-10 Letter G Words
1-10 Letter F Words
Risky Map Clicking: Next State Alphabetically
Risky Map Clicking: Biggest States A-Z
Recently Updated
Leaping Animals
pecheneg
Reality TV Shows (A-Z)
bhenderson79
Rickey Henderson's Hall of Fame Teammates
pecheneg
Champions League XIs: Arsenal
pecheneg
Quick Pick: Celebrities in WWE's Hall of Fame
aduchscher
A-Z Keypad Blitz II
pecheneg
Multiple Oscar Actors
pecheneg
Mystery Phrase Blitz: Oscar 'Best Actors'
pecheneg
F. Scott Fitzgerald Novels
LTH
Pick 3 Villains
ddd62291
Trending Topics
Crossword
Anime
Marvel
NBA
Harry Potter
Disney
Kpop
NFL
The Office
Soccer
Country
Puzzle
WWE
Pokémon
Song
Your Account Isn't Verified!
In order to create a playlist on Sporcle, you need to verify the email address you used during registration. Go to your
Sporcle Settings
to finish the process.
Report this User
Report this user for behavior that violates our
Community Guidelines
.
Details:
Send Report
Go to the Sporcle.com Mobile Site →
Comments